000 00275nam a2200109Ia 4500
008 230907s9999||||xx |||||||||||||| ||und||
082 _a745.2068
_bSHE
100 _aShetty, Devdas.
_914807
245 0 _aAise product design for engineers /
300 _apages cm
942 _cBK
999 _c600701
_d600701